All WWE Pay-Per-View (PPV) Event Names - Statistics

General Stats
  • This quiz has been taken 4,713 times
    761 since last reset
  • The average score is 29 of 57
Answer Stats
Years Held Event % Correct
1985 - present WrestleMania
98%
1988 - present SummerSlam
97%
2018 Greatest Royal Rumble
96%
1989 - present Royal Rumble
96%
1987 - present Survivor Series
92%
1999 - 2009, 2016 - 2018, 2020 - present Backlash
88%
2010 - 2014, 2017 - present Elimination Chamber
88%
2010 - present Money in the Bank
83%
2009 - present Hell in a Cell
81%
2009 - present TLC
75%
2004 - 2008 Great American Bash
70%
2024 King & Queen of the Ring
69%
2009 The Bash
69%
1993 - 2002 King of the Ring
68%
2009 - present Extreme Rules
67%
2008 - 2015, 2022, 2025 Night of Champions
66%
2018 - present Crown Jewel
65%
2000 - 2009, 2012 No Way Out
63%
2015 - 2019 Fastlane
62%
1999 - 2000, 2002 - 2008 Armageddon
61%
2003 - 2004, 2024 Bad Blood
60%
2022, 2024 Clash at the Castle
57%
1999 - 2008, 2016 - 2017 No Mercy
55%
2017 Great Balls of Fire
52%
2025 Wrestlepalooza
52%
2000 - 2009 Judgment Day
51%
2025 Clash in Paris
48%
2022 Day 1
48%
2013 - 2017 Payback
47%
2006 - 2008 Cyber Sunday
43%
2005 - 2007 New Year's Revolution
43%
2001 - 2007, 2011 Vengeance
43%
2018, 2025 Evolution
42%
2005 - 2008 One Night Stand
40%
2010 Fatal 4 Way
39%
2009 - 2010 Bragging Rights
38%
2016 - 2017, 2019 - present Clash of Champions
38%
2016 Roadblock
38%
2004 - 2005 Taboo Tuesday
38%
1999 - 2008 Unforgiven
38%
2024 Bash in Berlin
36%
2010 - 2012 Over the Limit
36%
2013 - 2017 Battleground
34%
2001 Invasion
34%
2018 - present Super Showdown
34%
2006 December to Dismember
33%
2011 Capitol Punishment
32%
2009 Breaking Point
30%
1999 Over the Edge
29%
2000 - 2002 Insurrextion
28%
2019 Stomping Grounds
25%
1985 The Wrestling Classic
23%
1991 This Tuesday in Texas
23%
1999 - 2000 Fully Loaded
21%
1999 - 2002 Rebellion
19%
1998 Capital Carnage
17%
1997 One Night Only
17%
No matching quizzes found
Score Distribution
Percent of People with Each Score
Percentile by Number Answered
Your Score History
You have not taken this quiz since the last reset